Indian foreign service :history and challenge / (Record no. 134298)
[ view plain ]
| 000 -LEADER | |
|---|---|
| fixed length control field | 00775nam a22002537a 4500 |
| 003 - CONTROL NUMBER IDENTIFIER | |
| control field | dpl |
| 005 - DATE AND TIME OF LATEST TRANSACTION | |
| control field | 20210215123431.0 |
| 008 - FIXED-LENGTH DATA ELEMENTS--GENERAL INFORMATION | |
| fixed length control field | 210215b ||||| |||| 00| 0 eng d |
| 010 ## - LIBRARY OF CONGRESS CONTROL NUMBER | |
| LC control number | B-162135 |
| 020 ## - INTERNATIONAL STANDARD BOOK NUMBER | |
| Terms of availability | 550.00 |
| International Standard Book Number | 8122006949 |
| 035 ## - SYSTEM CONTROL NUMBER | |
| System control number | B-162135 |
| 037 ## - SOURCE OF ACQUISITION | |
| Source of stock number/acquisition | Cen Lib/Ret |
| 040 ## - CATALOGING SOURCE | |
| Original cataloging agency | DPL |
| Language of cataloging | EN |
| Transcribing agency | DBAD/PUB |
| 082 ## - DEWEY DECIMAL CLASSIFICATION NUMBER | |
| Classification number | 327.54 |
| Item number | DIX |
| 100 ## - MAIN ENTRY--PERSONAL NAME | |
| Personal name | Dixit, J.N. |
| 9 (RLIN) | 40365 |
| 245 ## - TITLE STATEMENT | |
| Title | Indian foreign service :history and challenge / |
| Statement of responsibility, etc | by J.N. Dixit |
| 260 ## - PUBLICATION, DISTRIBUTION, ETC. (IMPRINT) | |
| Place of publication, distribution, etc | New Delhi |
| Name of publisher, distributor, etc | Konark Publishers |
| Date of publication, distribution, etc | 2005 |
| 270 ## - ADDRESS | |
| City | New Delhi |
| Address | A-149, main vikas marg |
| Postal code | 110092 |
| 300 ## - PHYSICAL DESCRIPTION | |
| Extent | x, 328p. |
| Dimensions | 23cm(Hb) |
| 500 ## - GENERAL NOTE | |
| General note | Includes appendix and index |
| 650 ## - SUBJECT ADDED ENTRY--TOPICAL TERM | |
| Topical term or geographic name as entry element | Political science |
| 9 (RLIN) | 40366 |
| 650 ## - SUBJECT ADDED ENTRY--TOPICAL TERM | |
| Topical term or geographic name as entry element | Civil service |
| 9 (RLIN) | 40367 |
| 942 ## - ADDED ENTRY ELEMENTS (KOHA) | |
| Source of classification or shelving scheme | Dewey Decimal Classification |
| Koha item type | English Books |
| Classification part | 327.54 |
| Call number suffix | DIX |
| Withdrawn status | Lost status | Damaged status | Not for loan | Collection code | Home library | Current library | Date acquired | Source of acquisition | Cost, normal purchase price | Total Checkouts | Full call number | Barcode | Date last seen | Copy number | Cost, replacement price | Price effective from | Koha item type | Source of classification or shelving scheme | Total Renewals | Date checked out |
|---|---|---|---|---|---|---|---|---|---|---|---|---|---|---|---|---|---|---|---|---|
| Not For Loan | Reference | Central Library | Central Library | 29/07/2015 | Cen Lib/Ret | 550.00 | 327.54 DIX | B-162135 | 29/07/2015 | 1 | 550.00 | 29/07/2015 | English Books | |||||||
| Non-fiction | Central Library | Central Library | 28/01/2021 | 3 | 327.54 DIX | B-162134 | 05/11/2024 | 28/01/2021 | English Books | Dewey Decimal Classification | 5 | 21/06/2024 |
